[Event "BCF-ch Seniors 50"]
[Site "Hull"]
[Date "2024.08.02"]
[Round "5"]
[White "Jaszkiwskyj, Peter"]
[Black "Watson, Simon"]
[Result "1-0"]
[WhiteElo "1857"]
[BlackElo "1780"]
[PlyCount "117"]
[EventDate "2024.07.29"]
[EventType "swiss"]
[EventRounds "7"]
[EventCountry "ENG"]
[SourceTitle "CBM 221 Extra"]
[Source "ChessBase"]
[SourceDate "2024.09.30"]
[SourceVersion "1"]
[SourceVersionDate "2024.09.30"]
[SourceQuality "1"]

1. d4 Nf6 2. c4 g6 3. Nc3 Bg7 4. Nf3 0-0 5. e4 d6 6. Be2 e5 7. d5 c6 8. 0-0 Qc7 9. Be3 c5 10. h3 Qe7 11. Qd2 Na6 12. Bh6 Nc7 13. Nh2 a6 14. a4 b6 15. Qg5 Re8 16. Bxg7 Kxg7 17. Qe3 Bd7 18. Nf3 Nh5 19. Rfe1 Nf4 20. Bf1 Reb8 21. Kh2 Qe8 22. Reb1 b5 23. axb5 axb5 24. Rxa8 Rxa8 25. g3 Nh5 26. b4 cxb4 27. Rxb4 Na6 28. Rb1 bxc4 29. Qb6 Qb8 30. Bxc4 Qxb6 31. Rxb6 Nc5 32. Nd2 Ra3 33. Ndb1 Ra1 34. Rxd6 Nf6 35. f3 Ra7 36. Rb6 Na4 37. Nxa4 Rxa4 38. Nd2 Ra3 39. Ra6 Rc3 40. Ra2 Ne8 41. Kg2 Nd6 42. Ba6 Nb5 43. Bxb5 Bxb5 44. Kf2 h5 45. Ra5 Bd7 46. h4 Kf8 47. d6 Rd3 48. Rd5 Rxd5 49. exd5 f5 50. Nc4 e4 51. Ne5 Ke8 52. Nxg6 Ba4 53. fxe4 fxe4 54. Ne5 Kd8 55. Ke3 Bc2 56. Kd4 Kc8 57. Nf7 Kd7 58. Ng5 Kxd6 59. Nxe4+ 1-0

[Event "BCF-ch AM U1900 op"]
[Site "Hull"]
[Date "2024.08.01"]
[Round "4"]
[White "Latypov, Egor L"]
[Black "Watson, Simon"]
[Result "1-0"]
[WhiteElo "1730"]
[BlackElo "1780"]
[PlyCount "101"]
[EventDate "2024.07.29"]
[EventType "swiss"]
[EventRounds "6"]
[EventCountry "ENG"]
[SourceTitle "CBM 221 Extra"]
[Source "ChessBase"]
[SourceDate "2024.09.30"]
[SourceVersion "1"]
[SourceVersionDate "2024.09.30"]
[SourceQuality "1"]

1. d4 Nf6 2. c4 g6 3. Nc3 Bg7 4. e4 d6 5. f3 0-0 6. Be3 e5 7. d5 Ne8 8. g4 h6 9. h4 c6 10. Qd2 Kh7 11. Nge2 a6 12. a4 c5 13. Ng3 Rg8 14. Be2 Nd7 15. h5 g5 16. Nf5 f6 17. a5 b6 18. axb6 Nxb6 19. 0-0 Bd7 20. Ra2 Bf8 21. Rfa1 Bc8 22. Na4 Nxa4 23. Rxa4 Ng7 24. b4 Nxf5 25. exf5 cxb4 26. Rxb4 Rg7 27. Qb2 Rd7 28. Bb6 Qe8 29. Bd3 Rb7 30. Ba5 Rab8 31. Qa3 Qd7 32. Rab1 Rxb4 33. Rxb4 Rxb4 34. Qxb4 Qb7 35. Kf2 Qxb4 36. Bxb4 Kg7 37. Ke2 Kf7 38. Bc2 Bd7 39. Kd2 Ke8 40. Ba5 Be7 41. Kc3 Bd8 42. Kb4 Bxa5+ 43. Kxa5 Bc8 44. Kb6 Kd7 45. Ba4+ Kd8 46. Bc6 a5 47. Ba4 Ke7 48. Kxa5 Kd8 49. Kb6 Ke7 50. Kc7 Ba6 51. Bb5 1-0

[Event "BCF-ch Seniors 50"]
[Site "Hull"]
[Date "2024.07.31"]
[Round "3"]
[White "Watson, Simon"]
[Black "Hasson, Peter"]
[Result "0-1"]
[WhiteElo "1780"]
[BlackElo "1993"]
[PlyCount "98"]
[EventDate "2024.07.29"]
[EventType "swiss"]
[EventRounds "7"]
[EventCountry "ENG"]
[SourceTitle "CBM 221 Extra"]
[Source "ChessBase"]
[SourceDate "2024.09.30"]
[SourceVersion "1"]
[SourceVersionDate "2024.09.30"]
[SourceQuality "1"]

1. e4 c5 2. Nc3 Nc6 3. g3 g6 4. Bg2 Bg7 5. d3 d6 6. Be3 Rb8 7. Qd2 b5 8. Nd1 b4 9. f4 Qb6 10. Nf3 Nf6 11. 0-0 Ng4 12. Kh1 Nxe3 13. Nxe3 0-0 14. Nd1 Ba6 15. Re1 c4 16. dxc4 Bxc4 17. Bf1 Bxf1 18. Rxf1 Rfc8 19. a3 a5 20. axb4 axb4 21. Qf2 Qxf2 22. Rxf2 Ra8 23. Rxa8 Rxa8 24. Kg2 Nd4 25. Nxd4 Bxd4 26. Rd2 Bg7 27. c3 bxc3 28. bxc3 Rc8 29. Rc2 f5 30. exf5 gxf5 31. Kf3 Kf7 32. h3 h5 33. g4 hxg4+ 34. hxg4 fxg4+ 35. Kxg4 Rc4 36. Kg3 Bf6 37. Kf3 e6 38. f5 e5 39. Ne3 e4+ 40. Ke2 Rxc3 41. Ra2 Bd4 42. Nd5 Rd3 43. Rc2 Bc5 44. Nc3 Rf3 45. Rc1 Rf2+ 46. Ke1 e3 47. Ne4 Bb4+ 48. Nc3 d5 49. Kd1 Rf1+ 0-1

[Event "BCF-ch Seniors 50"]
[Site "Hull"]
[Date "2024.07.29"]
[Round "1"]
[White "Watson, Simon"]
[Black "Handley, Michael R"]
[Result "1/2-1/2"]
[WhiteElo "1780"]
[BlackElo "2007"]
[PlyCount "60"]
[EventDate "2024.07.29"]
[EventType "swiss"]
[EventRounds "7"]
[EventCountry "ENG"]
[SourceTitle "CBM 221 Extra"]
[Source "ChessBase"]
[SourceDate "2024.09.30"]
[SourceVersion "1"]
[SourceVersionDate "2024.09.30"]
[SourceQuality "1"]

1. e4 e6 2. d4 d5 3. Nc3 Nf6 4. Bg5 dxe4 5. Nxe4 Be7 6. Nxf6+ Bxf6 7. Bxf6 Qxf6 8. Nf3 0-0 9. Bd3 c5 10. c3 cxd4 11. Nxd4 Rd8 12. Qe2 e5 13. Nb3 Nc6 14. 0-0 Bf5 15. Bxf5 Qxf5 16. Rad1 Qe6 17. Rxd8+ Rxd8 18. Rd1 Rxd1+ 19. Qxd1 h6 20. h3 f5 21. Nc5 Qe7 22. Qd5+ Kh7 23. b4 Kg6 24. Nd7 e4 25. b5 e3 26. fxe3 Qxe3+ 27. Kh2 Qf4+ 28. Kg1 Qc1+ 29. Kh2 Qf4+ 30. Kg1 Nb8 1/2-1/2